00744nam a2200193 a 450000100100000000500170001000800410002702000150006804000250008310000320010824501060014026001110024630000370035749000300039450000210042450400190044571000540046483000320051800004102320201002034547.0130930s2001 sp 000 0 spa d a8400079280 aDO-SdBNPbspacBNPHU1 aAquilar Gutiérrez, Miguel10aBioelectromagnetismo :bcampos eléctronicos y magnécos y seres vivos /cMiguel Aguilar Gutierrez. aMadrid :bConsejo Superior de Investigaciones CientíficasbInstituto de de Ciencia de Materiales,c2001. a254 p. :bil., gráf. ;c28 cm.1 aTextos universitariosv33 aIncluye índice aBibliografía2 aConsejo Superior de Investigaciones Científicas 0aTextos universitarios ;n33